000
00301nam a22001097a 4500
008
230605b xxu||||| |||| 00| 0 eng d
082
_a
328.405
_b
CPST
245
_a
Lawmaking and procedural matters
_b
A manual for the parliamentary studies and Training
260
_b
CPST
300
_a
80p
942
_2
ddc
_c
BK
999
_c
380
_d
380